Impact of new economic policy on small scale enterprises : a micro level study in Tamil Nadu (Record no. 15157)
[ view plain ]
| 000 -LEADER | |
|---|---|
| fixed length control field | 00572nam a2200169Ia 4500 |
| 082 ## - DEWEY DECIMAL CLASSIFICATION NUMBER | |
| Classification number | RS.0631 |
| 100 ## - MAIN ENTRY--AUTHOR NAME | |
| Personal name | Soundarapandian, M. |
| 245 #0 - TITLE STATEMENT | |
| Title | Impact of new economic policy on small scale enterprises : a micro level study in Tamil Nadu |
| 260 ## - PUBLICATION, DISTRIBUTION, ETC. (IMPRINT) | |
| Place of publication | Gandhigram |
| Name of publisher | Indain Council of Social Science Research |
| Year of publication | 2007 |
| 300 ## - PHYSICAL DESCRIPTION | |
| Number of Pages | 338 |
| 504 ## - BIBLIOGRAPHY, ETC. NOTE | |
| Bibliography, etc | includes bibliography<br/> |
| 650 ## - SUBJECT ADDED ENTRY--TOPICAL TERM | |
| Topical Term | Tamil Nadu |
| Geographic subdivision | Economic policy |
| 650 ## - SUBJECT ADDED ENTRY--TOPICAL TERM | |
| Topical Term | Small scale industies |
| Geographic subdivision | Tamil Nadu |
| 650 ## - SUBJECT ADDED ENTRY--TOPICAL TERM | |
| Topical Term | Tamil Nadu |
| Geographic subdivision | Economic Conditions |
| 650 ## - SUBJECT ADDED ENTRY--TOPICAL TERM | |
| Topical Term | Industrial policy |
| Geographic subdivision | Tamil Nadu |
| 942 ## - ADDED ENTRY ELEMENTS (KOHA) | |
| Koha item type | Research Reports |
| Source of classification or shelving scheme | Dewey Decimal Classification |
| Withdrawn status | Lost status | Damaged status | Not for loan | Collection code | Home library | Current library | Date acquired | Bill Date | Full call number | Accession Number | Price effective from | Koha item type |
|---|---|---|---|---|---|---|---|---|---|---|---|---|
| Not For Loan | ICSSR Research Project Reports | NASSDOC Library | NASSDOC Library | 31/12/1899 | 2006-03-06 | RS.0631 | 43814 | 18/04/2019 | Research Reports |
